The campaign in Mesopotamia 1914-1918, (Record no. 553440)
[ view plain ]
| 000 -LEADER | |
|---|---|
| fixed length control field | 00757cam a22001691 4500 |
| 082 ## - DEWEY DECIMAL CLASSIFICATION NUMBER | |
| Classification number | 940.4 |
| Author Mark | CAM |
| 100 1# - MAIN ENTRY--PERSONAL NAME | |
| Personal name | Moberly, F. J. |
| 9 (RLIN) | 49412 |
| 245 14 - TITLE STATEMENT | |
| Title | The campaign in Mesopotamia 1914-1918, |
| Statement of responsibility, etc. | compiled, at the request of the government of India, under the direction of the Historical Section of the Committee of Imperial Defence, by Brig.-Gen. F. J. Moberly. |
| 260 ## - PUBLICATION, DISTRIBUTION, ETC. | |
| Place of publication, distribution, etc. | London, |
| Name of publisher, distributor, etc. | H. M. Stationery office, |
| Date of publication, distribution, etc. | 1923-1927. |
| 300 ## - PHYSICAL DESCRIPTION | |
| Extent | 4 v. |
| Other physical details | fronts., plates, maps (part fold.) |
| Dimensions | 23 cm. |
| 490 0# - SERIES STATEMENT | |
| Series statement | History of the great war based on official documents. |
| 500 ## - GENERAL NOTE | |
| General note | Part of the folded maps are in pockets. |
| 526 ## - STUDY PROGRAM INFORMATION NOTE | |
| Program name | 0 |
| Interest level | 0 |
| Reading level | 0 |
| Title point value | 940_400000000000000_CAM |
| 650 #0 - SUBJECT ADDED ENTRY--TOPICAL TERM | |
| Topical term or geographic name entry element | MCE |
| 9 (RLIN) | 379 |
| 650 #0 - SUBJECT ADDED ENTRY--TOPICAL TERM | |
| Topical term or geographic name entry element | World War, 1914-1918 |
| General subdivision | Campaigns |
| Geographic subdivision | Iraq. |
| 9 (RLIN) | 49387 |
| 942 ## - ADDED ENTRY ELEMENTS (KOHA) | |
| Source of classification or shelving scheme | |
| Koha item type | Book |
| Withdrawn status | Lost status | Source of classification or shelving scheme | Damaged status | Not for loan | Permanent Location | Current Location | Shelving location | Date acquired | Total Checkouts | Full call number | Barcode | Date last seen | Price effective from | Koha item type |
|---|---|---|---|---|---|---|---|---|---|---|---|---|---|---|
| Military College of Engineering (MCE) | Military College of Engineering (MCE) | 02/11/2015 | 940.4 CAM | MCE-ECC / 43 | 02/11/2015 | 02/11/2015 | Book |
